LEADER 05114 am 22007093u 450 001 9910293146303321 005 20230125213706.0 010 $a3-662-55796-7 024 7 $a10.1007/978-3-662-55796-9 035 $a(CKB)4100000000882862 035 $a(DE-He213)978-3-662-55796-9 035 $a(MiAaPQ)EBC6422727 035 $a(Au-PeEL)EBL6422727 035 $a(OCoLC)1231609775 035 $a(oapen)https://directory.doabooks.org/handle/20.500.12854/45162 035 $a(PPN)220121818 035 $a(EXLCZ)994100000000882862 100 $a20171006d2017 u| 0 101 0 $ager 135 $aurnn#008mamaa 181 $ctxt$2rdacontent 182 $cc$2rdamedia 183 $acr$2rdacarrier 200 10$aDigitale Souveränität$b[electronic resource] $eBürger, Unternehmen, Staat /$fherausgegeben von Volker Wittpahl 205 $a1st ed. 2017. 210 $cSpringer Nature$d2018 210 1$aBerlin, Heidelberg :$cSpringer Berlin Heidelberg :$cImprint: Springer Vieweg,$d2017. 215 $a1 online resource (IX, 187 S. 40 Abb. in Farbe.) 311 $a3-662-55788-6 327 $aVorwort -- Einleitung -- Bürger -- Wenn Bots sich unter Leute mischen: Social Bots in den Sozialen Medien -- Digitale Partizipation in Wissenschaft und Wirtschaft -- Entwicklung einer soziodigitalen Souveränität -- Unternehmen -- Digitale Souveränität ? ein mehrdimensionales Handlungskonzept für die deutsche Wirtschaft -- Privatheit und digitale Souveränität in der Arbeitswelt 4.0 -- Staat -- Mehr Daten, weniger Vertrauen in Statistik ? freie Fahrt für ?alternative Fakten?? -- Internationale Perspektiven auf digitale Souveränität -- Digitalisierung der Bildung als staatliche Aufgabe -- Ausblick. 330 $aIm vorliegenden Themenband des Institutes für Innovation und Technik (iit) werden ausgehend von einer deutschen Perspektive verschiedene Aspekte und Ansatzpunkte zur aktuellen Transformation beleuchtet. Die Entwicklung einer digitalen Souveränität und entstehender Handlungsfelder werden für Bürger, Unternehmen und Staat aufgezeigt. "This book is open access under CC BY-NC licence" Die wirtschaftliche Globalisierung und die Digitalisierung haben sich in den letzten Jahren wechselwirkend verstärkt. Diese Entwicklung hat sämtliche Aspekte des menschlichen Handelns und Wirkens einer Transformation unterworfen. Ihr beschleunigter Einfluss auf fast alle Bereiche des Lebens wird jetzt vielen Menschen bewusst und verursacht Ängste. Am Ende der digitalen Transformation wird das Leben und Handeln wenig mit dem zu tun haben, was Individuen, Unternehmen und Staaten heute oder noch vor zehn Jahren gekannt haben. Worin die Veränderungen in Summe münden, kann derzeit niemand vorhersagen. Das verunsichert Entscheidungsträger aus Politik und Wirtschaft. Heutige Akteure benötigen eine umfassende Handlungssouveränität, um das aktuelle und zukünftige Leben für sich und eine digitalisierte Gesellschaft gestalten zu können. Ihre Handlungssouveränität ist durch technologische Entwicklungen der Digitalisierung in den letzten Jahren eingeschränkt worden. Daher ist die digitale Souveränität in Sinne einer digitalen Handlungssouveränität eine notwendige Voraussetzung für den Eintritt in das Zeitalter der digitalen Aufklärung. Im vorliegenden Themenband des Institutes für Innovation und Technik (iit) werden ausgehend von einer deutschen Perspektive verschiedene Aspekte und Ansatzpunkte zur aktuellen Transformation beleuchtet. Die Entwicklung einer digitalen Souveränität und entstehender Handlungsfelder werden für Bürger, Unternehmen und Staat aufgezeigt. "This book is open access under CC BY-NC licence". 606 $aElectrical engineering 606 $aHumanities?Digital libraries 606 $aEducational technology 606 $aCommunications Engineering, Networks$3https://scigraph.springernature.com/ontologies/product-market-codes/T24035 606 $aDigital Humanities$3https://scigraph.springernature.com/ontologies/product-market-codes/836000 606 $aTechnology and Digital Education$3https://scigraph.springernature.com/ontologies/product-market-codes/O47000 610 $aBreitbandausbau 610 $aWertschöpfung und Arbeitsmarkt 610 $aDigitale Geschäftsmodelle 610 $aDigitales Lernen 610 $aDatenaufbereitung 610 $aArbeitswelt 4.0 610 $aEchtzeitvernetzung 610 $aGesellschaftlicher Wandel 610 $aIndustrie 4.0 615 0$aElectrical engineering. 615 0$aHumanities?Digital libraries. 615 0$aEducational technology. 615 14$aCommunications Engineering, Networks. 615 24$aDigital Humanities. 615 24$aTechnology and Digital Education. 676 $a621.382 700 $aVolker Wittpahl$4auth$01356961 702 $aWittpahl$b Volker$4edt$4http://id.loc.gov/vocabulary/relators/edt 801 0$bMiAaPQ 801 1$bMiAaPQ 801 2$bMiAaPQ 906 $aBOOK 912 $a9910293146303321 996 $aDigitale Souveränität$93362174 997 $aUNINA LEADER 03018nam 22005173 450 001 9911028652603321 005 20251127163804.0 010 $a9783031954252 010 $a3-031-95425-4 035 $a(CKB)41002290900041 035 $a(MiAaPQ)EBC32317266 035 $a(Au-PeEL)EBL32317266 035 $a(OCoLC)1541771677 035 $a(EXLCZ)9941002290900041 100 $a20250927d2025 uy 0 101 0 $aeng 135 $aur||||||||||| 181 $ctxt$2rdacontent 182 $cc$2rdamedia 183 $acr$2rdacarrier 200 10$aBad money $einflation mongers in war, pandemic, and recession /$fBrendan Brown and Philippe Simonnot 210 1$aCham, Switzerland :$cPalgrave Macmillan,$d[2025] 210 4$d©2025. 215 $a1 online resource (240 pages) 225 1 $aEconomics and Finance Series 311 08$a3-031-95424-6 320 $aIncludes bibliographical references and index. 327 $aBlame a Corrupt Monetary Regime -- How to Lift the Curse of Bad Money -- PART A: Monetary Status Quo On Eve of Pandemic -- Chapter 1: A Brutal Repression of Falling Prices -- Chapter 2: The Regimes Toxic Tool Box -- Chapter 3: Bad Money-induced Fragilities on Pandemic Eve -- PART B: Inflationary Combustion -- Chapter 4: Famine, fiscal explosion and war -- Chapter 5: Pandemic spasm to Great Inflation -- Chapter 6: Four Shots of Fed inflation 2018-25 -- PART C: The Inflation Mongers -- Chapter 7: The Inflation Mongers say Transitory -- Chapter 8: Delays in Monetary Diagnosis Abet the Inflation Mongers -- PART D: Culprits and Scapegoats -- Chapter 9: Rival explanations for the Great Pandemic Inflation -- Chapter 10: Counter-factual Pandemic under Gold Standard -- Chapter 11: Lessons from Low Inflation Countries in Pandemic -- PART E: Waging War with Bad Money -- Chapter 12: Bad money in war, proxy war and economic war -- PART F: Bad Money in US Elections -- Chapter 13: A modern history of bad money in US elections 1890-2012 -- Chapter 14: Malinvestment, inflation and populism 2016-25 -- PART G: Speculation, Havens and Gold -- Chapter 15: Manias and Asset Inflation -- Chapter 16: Gold is money first, haven second -- Chapter 17: Life after death for the Swiss franc haven. 330 $aThis book argues that the blame for the 'Great Pandemic Inflation' in the US and Europe lies with serious flaws in the actual monetary regime.Money is literally out of control with no solid anchor. 410 0$aEconomics and Finance Series 606 $aInflation (Finance) 606 $aCOVID-19 Pandemic, 2020-2023$xEconomic aspects 606 $aRecessions 615 0$aInflation (Finance) 615 0$aCOVID-19 Pandemic, 2020-2023$xEconomic aspects. 615 0$aRecessions. 676 $a332.4/1 700 $aBrown$b Brendan$f1951-$0122857 702 $aSimonnot$b Philippe$f1941- 801 0$bMiAaPQ 801 1$bMiAaPQ 801 2$bMiAaPQ 906 $aBOOK 912 $a9911028652603321 996 $aBad money$94461732 997 $aUNINA LEADER 04781oam 2200937 c 450 001 9910134869503321 005 20260302090207.0 010 $a9783839430682 010 $a3839430682 024 7 $a10.14361/9783839430682 035 $a(CKB)4340000000001060 035 $a(EBL)4712251 035 $a(MiAaPQ)EBC4712251 035 $a(DE-B1597)453159 035 $a(OCoLC)1002274938 035 $a(OCoLC)1004880229 035 $a(OCoLC)1011463289 035 $a(OCoLC)962064785 035 $a(OCoLC)979854006 035 $a(OCoLC)987939147 035 $a(OCoLC)992528049 035 $a(OCoLC)999362290 035 $a(DE-B1597)9783839430682 035 $a(transcript Verlag)9783839430682 035 $a(Perlego)1462362 035 $a(EXLCZ)994340000000001060 100 $a20260302d2016 uy 0 101 0 $ager 135 $aur|n|---||||| 181 $2rdacontent 182 $2rdamedia 183 $2rdacarrier 200 00$aSocial Design$eGestalten für die Transformation der Gesellschaft$fClaudia Banz 205 $a1st ed. 210 $aBielefeld$ctranscript Verlag$d2016 215 $a1 online resource (201 p.) 225 0 $aDesign 300 $aIs it possible to transform society through design? What possibilities do designers possess, and what responsibilities do they bear? How do understandings of design contents and tasks change, and what does the occupation of a social designer look like? This book looks into these and other questions. From cross-disciplinary perspectives, the contributions offer a complex insight into the history and practice of social design, investigates its socio-cultural relevance and looks into its transformative potential. 311 08$a9783837630688 311 08$a3837630684 320 $aIncludes bibliographical references. 327 $aFrontmatter 1 Inhalt 5 Einleitung 7 Zwischen Widerstand und Affirmation 11 Design als soziales Pha?nomen 27 Design und die Sichtbarkeit mo?glicher Zuku?nfte 35 »Eigentlich sollten wir nicht mehr u?ber Social Design sprechen.« 43 Social Design - ein Paradox? 61 Experimentelles Design 71 Soziales Design in humanita?rer Praxis 85 Soziales Design und urbane Realita?t 95 Ist »Social Design« eine neue Designkategorie? 103 Die Mode ergreift das Wort 113 Ich und ich im wirklichen Leben 129 Soziale Gestaltung am Bauhaus 135 Gebrauchspatina, Simplex und offenes Prinzip 147 ?Rot? und ?Gru?n? 165 Literatur 181 Autorinnen und Autoren 189 Backmatter 194 330 $aKann man Gesellschaft durch Gestaltung transformieren? Welche Optionen besitzen die Designer und welche Verantwortung tragen sie? Welche Diskurse werden um die Erweiterung des Designbegriffs geführt und wie sieht die Zukunft des Designs aus?Designer, Design- und Kulturwissenschaftler, Kuratoren und Hochschullehrer fokussieren und hinterfragen das aktuelle Phänomen des Social Design. Die Beiträge untersuchen aus transdisziplinärer Perspektive die soziokulturelle Relevanz sowie das transformative Potenzial von Social Design und formulieren eine Agenda für die Designer von morgen. 330 1 $a»Lesenswert nicht nur für Designer und Agenturmitarbeiter [...], sondern auch für jene Stiftungen, die eng mit externen Graphikern und Agenturen zusammenarbeiten.« 330 1 $aBesprochen in:designreport, 6 (2016)domus, 6 (2016)Kunstbulletin, 1-2 (2017)GMK-Newsletter, 1 (2017)soziologie heute, 6 (2017), Hans-Werner Franz 330 1 $a»Das Buch bietet auch einer breiteren Leserschaft einen verständlichen Überblick, und, wichtiger noch, einen spielerischen Einblick in die Welt und das Selbstverständnis des Social Design.« 410 0$aDesign 517 2 $aBanz (Hg.), Social Design$eGestalten für die Transformation der Gesellschaft 606 $aDesign 606 $aGesellschaft 606 $aSociety 606 $aKultur 606 $aCulture 606 $aUtopie 606 $aUtopia 606 $aShaping 606 $aGestaltung 606 $aSocial Entrepreneurship 606 $aKultursoziologie 606 $aSociology of Culture 615 4$aDesign 615 4$aGesellschaft 615 4$aSociety 615 4$aKultur 615 4$aCulture 615 4$aUtopie 615 4$aUtopia 615 4$aShaping 615 4$aGestaltung 615 4$aSocial Entrepreneurship 615 4$aKultursoziologie 615 4$aSociology of Culture 676 $a745.4 686 $aMS 1290$2rvk 702 $aBanz$b Claudia$p
Claudia Banz, Berlin, Deutschland
$4edt 801 0$bDE-B1597 801 1$bDE-B1597 906 $aBOOK 912 $a9910134869503321 996 $aSocial Design$92223559 997 $aUNINA